| 000 | 01251nam a2200337 a 4500 | ||
|---|---|---|---|
| 001 | 82357 | ||
| 003 | BD-RjUL | ||
| 005 | 20231128112616.0 | ||
| 008 | 231128t20222022cau b 001 0 eng | ||
| 020 |
_a9781071854914 _q(Paperback) |
||
| 020 |
_z9781071854921 _q(ePub) |
||
| 020 |
_z9781071854938 _q(ePub) |
||
| 020 |
_z9781071854945 _q(eBook) |
||
| 035 | _a(BD-RjUL)82357 | ||
| 040 |
_aDLC _beng _erda _cDLC _dDLC _dBD-RjUL |
||
| 041 | _aeng | ||
| 082 | 0 | 0 |
_223 _a371.422 _bHOS 2022 |
| 100 | 1 |
_aHolcomb-McCoy, Cheryl, _eauthor. _910208 |
|
| 245 | 1 | 0 |
_aSchool counseling to close opportunity gaps : _ba social justice and antiracist framework for success / _cCheryl Holcomb-McCoy ; foreword by Ibram X. Kendi. |
| 250 | _aSecond Edition. | ||
| 264 | 1 |
_aThousand Oaks, California : _bCorwin, _c2022 |
|
| 300 |
_axxvi, 202 pages : _billustrations ; _c26 cm |
||
| 336 |
_atext _btxt _2rdacontent |
||
| 337 |
_aunmediated _bn _2rdamedia |
||
| 338 |
_avolume _bnc _2rdacarrier |
||
| 504 | _aIncludes bibliographical references and index. | ||
| 650 | 0 |
_aEducational counseling _zUnited States. _910209 |
|
| 650 | 0 |
_aStudent counselors _xIn-service training _zUnited States. _910210 |
|
| 650 | 0 |
_aAcademic achievement _zUnited states. _910211 |
|
| 942 |
_2ddc _cBK |
||
| 999 |
_c82357 _d82357 |
||